ბათუმის შოთა რუსთაველის სახელმწიფო უნივერსიტეტის ბიბლიოთეკა

ვაჭრობის სფეროში არსებული პრობლემები და მათი სრულყოფის გზები (ბიბ.ჩანაწერი № 42088)

000 -LEADER
fixed length control field 00909nam a2200229Ia 4500
001 - CONTROL NUMBER
control field 8778
003 - CONTROL NUMBER IDENTIFIER
control field GE_BSU
008 - FIXED-LENGTH DATA ELEMENTS--GENERAL INFORMATION
fixed length control field 181216s||||||||xx |||||||||||||| ||und||
020 ## - INTERNATIONAL STANDARD BOOK NUMBER
International Standard Book Number 9789942129667
040 ## - CATALOGING SOURCE
Transcribing agency GE_BSU
080 ## - UNIVERSAL DECIMAL CLASSIFICATION NUMBER
Universal Decimal Classification number 339.1(479.22)
100 ## - MAIN ENTRY--PERSONAL NAME
Personal name მამულაძე,გელა
245 ## - TITLE STATEMENT
Title ვაჭრობის სფეროში არსებული პრობლემები და მათი სრულყოფის გზები
245 ## - TITLE STATEMENT
Statement of responsibility, etc. რედ:ბადრი გეჩბაია
260 ## - PUBLICATION, DISTRIBUTION, ETC.
Place of publication, distribution, etc. თბილისი
260 ## - PUBLICATION, DISTRIBUTION, ETC.
Name of publisher, distributor, etc. [გ.გ]
260 ## - PUBLICATION, DISTRIBUTION, ETC.
Date of publication, distribution, etc. 2013
300 ## - PHYSICAL DESCRIPTION
Extent 108გვ;19სმ.
300 ## - PHYSICAL DESCRIPTION
Other physical details ბიბლიოგრ.გვ.107–108
653 ## - INDEX TERM--UNCONTROLLED
Uncontrolled term ვაჭრობის სფეროში არსებული პრობლემები და მათი სრულყოფის გზები
942 ## - ADDED ENTRY ELEMENTS (KOHA)
Koha item type წიგნი
ეგზემპლარები
Withdrawn status Lost status Damaged status Not for loan Date acquired Barcode Date last seen Price effective from Koha item type
        2018-12-17 31196 2018-12-17 2018-12-17 წიგნი
        2018-12-17 31197 2018-12-17 2018-12-17 წიგნი